TCP/IP Sockets in C# : (Record no. 16108)
[ view plain ]
| 000 -LEADER | |
|---|---|
| fixed length control field | 02028cam a2200385 a 4500 |
| 001 - CONTROL NUMBER | |
| control field | 13643006 |
| 005 - DATE AND TIME OF LATEST TRANSACTION | |
| control field | 20100618101142.0 |
| 008 - FIXED-LENGTH DATA ELEMENTS--GENERAL INFORMATION | |
| fixed length control field | 040701s2004 ne a b 001 0 eng |
| 010 ## - LIBRARY OF CONGRESS CONTROL NUMBER | |
| LC control number | 2004555479 |
| 020 ## - INTERNATIONAL STANDARD BOOK NUMBER | |
| International Standard Book Number | 0124660517 |
| 020 ## - INTERNATIONAL STANDARD BOOK NUMBER | |
| International Standard Book Number | 9780124660519 |
| 040 ## - CATALOGING SOURCE | |
| Original cataloging agency | DLC |
| Transcribing agency | DLC |
| Modifying agency | DLC |
| 050 00 - LIBRARY OF CONGRESS CALL NUMBER | |
| Classification number | QA76.76.A63 |
| Item number | M35 2004 |
| 082 00 - DEWEY DECIMAL CLASSIFICATION NUMBER | |
| Classification number | 004.6 |
| Edition number | 22 |
| Item number | MAK |
| 100 1# - MAIN ENTRY--PERSONAL NAME | |
| Personal name | Makofske, David B. |
| 9 (RLIN) | 27419 |
| 245 10 - TITLE STATEMENT | |
| Title | TCP/IP Sockets in C# : |
| Remainder of title | Practical Guide for Programmers / |
| Statement of responsibility, etc | David L. Makofske, Michael J. Donahoo, Kenneth L. Calvert. |
| 260 ## - PUBLICATION, DISTRIBUTION, ETC. (IMPRINT) | |
| Place of publication, distribution, etc | Amsterdam ; |
| -- | Boston : |
| Name of publisher, distributor, etc | Elsevier, 2004 |
| Date of publication, distribution, etc | c2004. |
| 300 ## - PHYSICAL DESCRIPTION | |
| Extent | xii, 175 p. : |
| Other physical details | ill. ; |
| Dimensions | 23 cm. |
| 490 ## - Series Statement | |
| -- | 27418 |
| Series statement | The Morgan Kaufmann Practical Guides Series |
| 504 ## - BIBLIOGRAPHY, ETC. NOTE | |
| Bibliography, etc | Includes bibliographical references and index. |
| 650 #0 - SUBJECT ADDED ENTRY--TOPICAL TERM | |
| Topical term or geographic name as entry element | Application program interfaces (Computer software) |
| 9 (RLIN) | 27420 |
| 650 #0 - SUBJECT ADDED ENTRY--TOPICAL TERM | |
| Topical term or geographic name as entry element | TCP/IP (Computer network protocol) |
| 9 (RLIN) | 27421 |
| 650 #0 - SUBJECT ADDED ENTRY--TOPICAL TERM | |
| Topical term or geographic name as entry element | C# (Computer program language) |
| 9 (RLIN) | 27422 |
| 653 ## - INDEX TERM--UNCONTROLLED | |
| Resource For college | |
| Arrived date list | October2011 |
| 700 1# - ADDED ENTRY--PERSONAL NAME | |
| Personal name | Donahoo, Michael J. |
| 9 (RLIN) | 27423 |
| 700 1# - ADDED ENTRY--PERSONAL NAME | |
| Personal name | Calvert, Kenneth L. |
| 9 (RLIN) | 27424 |
| 856 41 - ELECTRONIC LOCATION AND ACCESS | |
| Materials specified | Table of contents |
| Uniform Resource Identifier | <a href="http://www.loc.gov/catdir/toc/els051/2004555479.html">http://www.loc.gov/catdir/toc/els051/2004555479.html</a> |
| 856 42 - ELECTRONIC LOCATION AND ACCESS | |
| Materials specified | Publisher description |
| Uniform Resource Identifier | <a href="http://www.loc.gov/catdir/description/els051/2004555479.html">http://www.loc.gov/catdir/description/els051/2004555479.html</a> |
| 942 ## - ADDED ENTRY ELEMENTS (KOHA) | |
| Source of classification or shelving scheme | Dewey Decimal Classification |
| Item type | Book - Borrowing |
| Withdrawn status | Item status | Source of classification or shelving scheme | Damaged status | Not for loan | Vendor | Home library | Current library | Shelving location | Date acquired | Source of acquisition | Total Checkouts | Total Renewals | Full call number | Barcode | Date last seen | Date last borrowed | Koha item type |
|---|---|---|---|---|---|---|---|---|---|---|---|---|---|---|---|---|---|
| Dewey Decimal Classification | Baccah | Central Library | Central Library | Lower Floor | 09/10/2011 | 3 | 6 | 004.6 MAK | 000024986 | 15/07/2025 | 05/11/2012 | Book - Borrowing | |||||
| Dewey Decimal Classification | Baccah | Central Library | Central Library | Lower Floor | 10/10/2011 | 004.6 MAK | 000025316 | 15/07/2025 | NB - Book (Non borrowing) | ||||||||
| Dewey Decimal Classification | Baccah | Central Library | Central Library | Lower Floor | 10/10/2011 | 004.6 MAK | 000025317 | 15/07/2025 | Book - Borrowing | ||||||||
| Dewey Decimal Classification | Baccah | Central Library | Central Library | Lower Floor | 10/10/2011 | 004.6 MAK | 000025318 | 15/07/2025 | Book - Borrowing |